OneShot - All Characters - Statistics

General Stats
  • This quiz has been taken 74 times
  • The average score is 14 of 18
Answer Stats
Picture Hint Answer % Correct
Everywhere Niko
98%
Everywhere The World Machine
95%
Glen Alula
83%
Barrens Prophetbot
83%
Barrens Rowbot
83%
Barrens Silver
81%
Refuge Lamplighter
79%
Everywhere Prototype
76%
Refuge Rue
76%
Glen Calamus
74%
Refuge Kip
74%
Refuge George
72%
??? The Author
72%
Glen & Refuge Cedric
69%
Glen Maize
69%
Glen Magpie
62%
Refuge Watcher
60%
Refuge Ling
55%
No matching quizzes found
Score Distribution
Percent of People with Each Score
Percentile by Number Answered
Your Score History
You have not taken this quiz